000 00981cam a22002055a 4500
001 L138060
008 070515e2005 xxk f 100 0 eng d
035 _a(Sirsi) u138060
041 0 _aeng
100 1 _aWest, Shane
245 0 0 _aNatural ventilation flow rate performance and product development
_h[electronic resource]
260 _c2005
490 0 _aCOBRA
_v2005
520 _aDiscusses natural ventilation testing methodology intended to distinguish a ventilators flow rate performance due to wind siphonage as distinct from stack effect.
651 4 _aAUSTRALIA
690 _aBUILT ENVIRONMENT-BUILDING ELEMENTS-COMPLETE BUILDING SERVICES ELEMENTS-COMPLETE HEATING, VENTILATION AND AIR CONDITIONING SYSTEMS
711 2 _aConstruction and Building Research Conference
_cUniversity of Queensland, Brisbane
_d4-5 July 2005
856 4 0 _uhttps://www.rics.org/site/scripts/download_info.aspx?downloadID=2563
_zView the item free of charge at www.rics.org...
942 _n0
999 _c106992
_d106992